Junge Menschen vor dem drohenden Abstieg - Jugendhilfe, Jugendstrafrechtspflege und Kriminalpolitik

Saved in:  
Bibliographic Details
Main Author: Dünkel, Frieder 1950- (Author)
Format: Print Article
Language:German
Published: 1995
In: Recht der Jugend und des Bildungswesens
Year: 1995, Volume: 43, Issue: 3, Pages: 305-320
Availability in Tübingen:Present in Tübingen.
IFK: 8632
Check availability: HBZ Gateway
Keywords:

MARC

LEADER 00000caa a22000002c 4500
001 1636603785
003 DE-627
005 20220608112829.0
007 tu
008 151023s1995 xx ||||| 00| ||ger c
035 |a (DE-627)1636603785 
035 |a (DE-576)447641786 
035 |a (DE-599)BSZ447641786 
040 |a DE-627  |b ger  |c DE-627  |e rakwb 
041 |a ger 
100 1 |a Dünkel, Frieder  |d 1950-  |0 (DE-588)121514056  |0 (DE-627)081357060  |0 (DE-576)160794080  |4 aut 
109 |a Dünkel, Frieder 1950- 
245 1 0 |a Junge Menschen vor dem drohenden Abstieg - Jugendhilfe, Jugendstrafrechtspflege und Kriminalpolitik  |c Frieder Dünkel 
264 1 |c 1995 
336 |a Text  |b txt  |2 rdacontent 
337 |a ohne Hilfsmittel zu benutzen  |b n  |2 rdamedia 
338 |a Band  |b nc  |2 rdacarrier 
773 0 8 |i In  |t Recht der Jugend und des Bildungswesens  |d Baden-Baden : Nomos, 1968  |g 43(1995), 3, Seite 305-320  |w (DE-627)129477044  |w (DE-600)203647-2  |w (DE-576)014857200  |x 0034-1312  |7 nnas 
773 1 8 |g volume:43  |g year:1995  |g number:3  |g pages:305-320 
935 |a mkri 
951 |a AR 
ELC |b 1 
LOK |0 000 xxxxxcx a22 zn 4500 
LOK |0 001 3294139314 
LOK |0 003 DE-627 
LOK |0 004 1636603785 
LOK |0 005 20160223100802 
LOK |0 008 160208||||||||||||||||ger||||||| 
LOK |0 040   |a DE-21-110  |c DE-627  |d DE-21-110 
LOK |0 689   |a s  |a Jugendliche 
LOK |0 689   |a s  |a Bewährungshilfe 
LOK |0 689   |a s  |a Geschlossene Unterbringung 
LOK |0 689   |a s  |a Randgruppenarbeit 
LOK |0 689   |a s  |a Strafmündigkeit 
LOK |0 689   |a s  |a Erfolgsbeurteilung 
LOK |0 689   |a s  |a Sanktionspolitik 
LOK |0 689   |a s  |a BEwährungsstrafen 
LOK |0 689   |a s  |a Jugendgerichtshilfe 
LOK |0 689   |a s  |a Jugendhilfe 
LOK |0 689   |a s  |a Jugendstrafrechtsreform 
LOK |0 852   |a DE-21-110 
LOK |0 852 1  |c 8632  |m p  |9 00 
LOK |0 935   |a k110 
LOK |0 938   |k p 
LOK |0 939   |a 08-02-16  |b l01 
ORI |a SA-MARC-krimdoka001.raw 
SIG |a IFK: 8632